| 000 | 00673nam a2200181 a 4500 | ||
|---|---|---|---|
| 008 | 120416s1991 ||||||||||||||||| || u | ||
| 020 | _a0136435521 | ||
| 050 | _aHD 58.7 Rob | ||
| 100 | _aRobbins, Stephen P | ||
| 245 | 1 | 0 | _aOrganizational behavior: concepts, controversies, and applications. (5th ed.) |
| 250 | _a5th ed. | ||
| 260 |
_aEnglewood Cliffs, N.J.: _bPrentice-Hall _c1991 |
||
| 300 | _axvi,xxvi, 719p. : ill. | ||
| 350 | _a0.00 | ||
| 650 | 0 | _aMANAGEMENT | |
| 650 | _aORGANIZATIONAL BEHAVIOUR | ||
| 995 |
_D0.00 _FCBU-MAIN LIBRARY (Kitwe) _H1 _I63.15 _M1 _UDAMAGED _WJun 14, 2006 _ZMain Library Open Access Collection |
||
| 999 |
_c52855 _d52855 |
||